MARC

LEADER 00000nam0a2200000 4500
001 29021
005 20231030203059.0
010 |a 5853581171 
035 |a (RuTPU)RU\TPU\book\29279 
035 |a BOOK00029354 
090 |a 29021 
100 |a 20011209d1992 k y0rusy50 ca 
101 0 |a rus 
102 |a KZ 
105 |a a z 001zy 
200 1 |a Тектоника запада Туранской плиты  |f В. И. Попков 
210 |a Алма-Ата  |c Казнипинефть  |d 1992 
215 |a 146 с.  |c ил. 
320 |a Библиогр.: с. 138-147. 
610 1 |a геология 
610 1 |a тектоника 
610 1 |a платформы 
610 1 |a тектонический анализ 
610 1 |a Туранская низменность 
675 |a 551.242.5.056  |v 3 
700 1 |a Попков  |b В. И.  |g Василий Иванович 
801 0 |a KZ  |b 63413507  |c 20011209  |g PSBO 
801 2 |a RU  |b 63413507  |c 20170110  |g PSBO 
942 |c BK